000 03280cam a22007094i 4500
003 PE-LiUPU
005 20250731170442.0
008 150625s2006 pe a rb 000 0 spa d
035 _a(Sirsi) a38225
040 _aPE-LiUPU
_bspa
_cPE-LiUPU
_dPE-LiUPU
_erda
049 _aPRUA
082 0 4 _a152.4
_bP43 2006
_221
100 1 _aPereyra, Mario,
_eautor.
245 1 0 _aPsicología positiva /
_cMario Pereyra.
264 1 _aLima :
_bUniversidad Peruana Unión,
_c2006.
300 _a248 páginas :
_bilustraciones ;
_c20 centímetros
336 _atext
_2rdacontent
337 _aunmediated
_2rdamedia
338 _avolume
_2rdacarrier
500 _aSubtítulo de la cubierta.
500 _aAntes del título: Terapia de la esperanza.
504 _aBibliografía: páginas 222-248.
505 0 _aEl poder terapéutico de la esperanza -- De la psicopatología a las fortalezas de la salud -- La esperanza en la estrategia terapéutica -- La terapia de la desesperación -- Las terapias de la esperanza -- La arquitectura del futuro -- Cómo abrir los horizontes del futuro.
526 _aSEG68
526 _aSEG70
526 _aSEG69
526 _aSEG67
526 _aSEG43
526 _aP144
526 _aP143
526 _aP131
526 _aP122
526 _aP120
526 _aP117
526 _aP112
526 _aP110
526 _aP106
526 _aP101
526 _aP80
526 _aP59
526 _aP54
526 _aP35
526 _aP33
526 _aP30
541 _g014-0019362;
650 0 4 _aEsperanza.
_9936
650 0 4 _aFuturismo
_xAspectos psicológicos.
910 _cigq
942 _2ddc
_cBOOK
949 _a152.4 P43
_wDEWEY
_c1
_i57432
_lCCODEBUL1
_mBUL
_p15.00
_r0
_sY
_tBOOK
_u2015-06-25
_xBIBLIOTECA
_zUNKNOWN
_0COMPRA
_o.STAFF. Colección Ciencias de la Salud
949 _a152.4 P43
_wDEWEY
_c2
_i57431
_lCCODEBUL1
_mBUL
_p15.00
_r0
_sY
_tBOOK
_u2015-06-25
_xBIBLIOTECA
_zUNKNOWN
_0COMPRA
_o.STAFF. Colección Ciencias de la Salud
994 _aC0
_bPEPRU
596 _a1 2
999 _a152.4 P43
_wDEWEY
_c46486
_i57432
_f2021-11-3
_g5
_lCCODEBUL1
_mBUL
_p15.00
_r0
_sY
_tBOOK
_u2015-6-25
_xSALUD
_zUNKNOWN
_0COMPRA
_o.STAFF. Colección Ciencias de la Salud
_d46486
999 _a152.4 P43
_wDEWEY
_c2
_i57431
_d2017-3-27
_e2017-3-15
_f2021-11-3
_g5
_lCCODEBUL1
_mBUL
_n3
_p15.00
_r0
_sY
_tBOOK
_u2015-6-25
_xSALUD
_zUNKNOWN
_0COMPRA
_o.STAFF. Colección Ciencias de la Salud
999 _a152.4 P43
_wDEWEY
_c3
_i74744
_d2019-6-17
_e2019-3-17
_f2021-11-3
_g5
_lCCODEBUL1
_mBUL
_n10
_p15.00
_q4
_r0
_sY
_tBOOK
_u2016-10-5
_xSALUD
_PP33
_0COMPRA
_o.STAFF. Colección Ciencias de la Salud
999 _a152.4 P43 2006
_wDEWEY
_c1
_iFT01924
_d2022-6-23
_e2022-6-20
_f2019-2-20
_g1
_lCCODEBUT1
_mBUT
_n2
_r0
_sY
_tBOOK
_u2015-9-25
_xBIBLIOTECA
_zUNKNOWN
_0DONACION
_o.STAFF. Colección General
999 _a152.4 P43 2006
_wDEWEY
_c2
_iFT01365
_d2017-8-23
_e2017-8-22
_f2019-2-20
_g1
_lCCODEBUT1
_mBUT
_n1
_r0
_sY
_tBOOK
_u2015-9-25
_xBIBLIOTECA
_zUNKNOWN
_0DONACION
_o.STAFF. Colección General
980 _81
_gALBERTO SANCHEZ Responsable de Automatización